El pronto pago de privilegio especial prioritario en los cuncursos y quiebras (Registro nro. 30705)

Detalles MARC
000 -LEADER
fixed length control field 00368 a2200109 4500
001 - CONTROL NUMBER
control field ART_49528
005 - DATE AND TIME OF LATEST TRANSACTION
control field 20260410161955.0
008 - FIXED-LENGTH DATA ELEMENTS--GENERAL INFORMATION
fixed length control field 260409a
100 1# - MAIN ENTRY--PERSONAL NAME
Personal name Ferro, Carlos A.
245 10 - TITLE STATEMENT
Title El pronto pago de privilegio especial prioritario en los cuncursos y quiebras
773 0# - HOST ITEM ENTRY
Title Temas de derecho comercial
Related parts - Año 5, N° 8 (ago. 2019)
Record control number REV28151

No hay ítems disponibles.